Statistics for Cincinnati, City Quiz

Click here to take the quiz!

General Stats

  • This quiz has been taken 35 times
  • The average score is 5 of 9

Answer Stats

QuestionAnswer% Correct
Where is itOhio
97%
Who is the MayorJohn Cranley
84%
Like PleaseAll of the above
77%
What is the population400000
71%
How many neighborhoods are there.52
61%
When was it established1700s
55%
What is the median household income35000
32%
Who established itRobert Patterson
23%
What Race/Ethnicity is most of the populationBlack
13%

Score Distribution

Percentile by Number Answered

Percent of People with Each Score

Your Score History

You have not taken this quiz